ბათუმის შოთა რუსთაველის სახელმწიფო უნივერსიტეტის ბიბლიოთეკა

საზოგადოებრივი კომუნიკაციის სისტემის ცვლილებანი და მასობრივი მედია / (ბიბ.ჩანაწერი № 53967)

000 -ლიდერი
ფიქსირებული სიგრძის საკონტროლო ველი 01541nam a2200289Ia 4500
001 - საკონტროლო ნომერი
საკონტროლო ველი 21018
003 - საკონტროლო ნომრის იდენტიფიკატორი
საკონტროლო ველი GE_BSU
005 - ბოლო ოპერაციის თარიღი და დრო
საკონტროლო ველი 20210706165854.0
008 - ფიქსირებული სიგრძის მონაცემთა ელემენტები - ზოგადი ინფორმაცია
ფიქსირებული სიგრძის საკონტროლო ველი 181216s||||||||xx |||||||||||||| ||und||
020 ## - წიგნის საერთაშორისო სტანდარტული ნომერი
International Standard Book Number 9789992892534
040 ## - კატალოგიზაციის წყარო
Transcribing agency GE_BSU
041 ## - ენის კოდი
Language code of text/sound track or separate title geo
080 ## - უნივერსალური ათობითი კლასიფიკაციის ინდექსი
Universal Decimal Classification number 070+316.77 ლ-93
100 ## - მთავარი ჩანაწერი - პიროვნების სახელი
Personal name ლუმანი, ნიკლას
9 (RLIN) 12204
245 ## - ცნობა სათაურის შესახებ
Title საზოგადოებრივი კომუნიკაციის სისტემის ცვლილებანი და მასობრივი მედია /
Statement of responsibility, etc ნიკლას ლუმანი ; გერმ. თარგმნა დევი დუმბაძემ.
250 ## - გამოცემის ცნობა
Edition statement 1-ლი გამოცემა
264 ## - წარმოების, გამოცემის, დისტრიბუციის და სხვა ცნობები
გამოცემის, წარმოების, დისტრიბუციის... ადგილი თბილისი :
გამოცემის, წარმოების, დისტრიბუციის... სახელწოდება არხე,
გამოცემის, წარმოების, დისტრიბუციის... თარიღი 2007.
300 ## - ფიზიკური აღწერა
Extent 37 გვ. ;
Dimensions 17 სმ.
490 ## - სერიის ცნობა
Series statement სამეცნიერო სერია ფილოსოფია-სოციოლოგიის კლასიკური და თანამედროვე ტექსტები-თარგმანები
Volume number/sequential designation ტ. 1
653 ## - INDEX TERM--UNCONTROLLED
Uncontrolled term კომუნიკაცია
653 ## - INDEX TERM--UNCONTROLLED
Uncontrolled term მასმედია
653 ## - INDEX TERM--UNCONTROLLED
Uncontrolled term ჟურნალისტიკა
700 ## - ADDED ENTRY--PERSONAL NAME
Personal name დუმბაძე, დევი
Relator term გერმანული თარგმნა
9 (RLIN) 966
700 ## - ADDED ENTRY--PERSONAL NAME
Personal name ირემაძე, თენგიზ
Relator term სერიის დამფუძნებელი და მთ. რედაქტორი
9 (RLIN) 2229
942 ## - ADDED ENTRY ELEMENTS (KOHA)
Koha item type წიგნი
Source of classification or shelving scheme
ეგზემპლარები
ჩამოწერის სტატუსი დაკარგული ეგზემპლარის სტატუსი კლასიფიკაციის წყარო ან თაროზე გაწყობის სქემა დაზიანების სტატუსი არ გაიცემა მუდმივი მდებარეობა (დაცვის ადგილი) ამჟამინდელი ადგილსამყოფელი თაროზე განთავსების ადგილი შეძენის თარიღი ღირებულება, შესყიდვის ნორმალური ფასი სრული შენახვის შიფრი შტრიხკოდი ბოლო ოპერაციის თარიღი ეგზემპლარის მიმდევრობითი ნომერი (კეტერი?) ფასის ძალაში შესვლის თარიღი ეგზემპლარის სახეობა საჯარო შენიშვნა
          ბათუმის შოთა რუსთაველის სახელმწიფო უნივერსიტეტის მთავარი ბიბლიოთეკა ბათუმის შოთა რუსთაველის სახელმწიფო უნივერსიტეტის მთავარი ბიბლიოთეკა წიგნსაცავი 2018-12-17 2.00 070+316.77 ლ-93 54676 2018-12-17 54676 2018-12-17 წიგნი 2.00 ₾.